Gas Dynamics / (Record no. 31807)
[ view plain ]
| 000 -LEADER | |
|---|---|
| fixed length control field | 00522nam a22002177a 4500 |
| 003 - CONTROL NUMBER IDENTIFIER | |
| control field | Nust |
| 005 - DATE AND TIME OF LATEST TRANSACTION | |
| control field | 20210922115819.0 |
| 008 - FIXED-LENGTH DATA ELEMENTS--GENERAL INFORMATION | |
| fixed length control field | 170112b xxu||||| |||| 00| 0 eng d |
| 020 ## - INTERNATIONAL STANDARD BOOK NUMBER | |
| International Standard Book Number | 0471018066 |
| 038 ## - RECORD CONTENT LICENSOR | |
| Staff Name | khadija |
| 040 ## - CATALOGING SOURCE | |
| Transcribing agency | . |
| 082 ## - DEWEY DECIMAL CLASSIFICATION NUMBER | |
| Classification number | 530.43 |
| Author Mark | ZUC |
| 100 ## - MAIN ENTRY--PERSONAL NAME | |
| Personal name | Zucrow ,Maurice J. |
| 9 (RLIN) | 82594 |
| 245 ## - TITLE STATEMENT | |
| Title | Gas Dynamics / |
| Statement of responsibility, etc. | Maurice J. Zucrow |
| 250 ## - EDITION STATEMENT | |
| Edition statement | Volume2 |
| 260 ## - PUBLICATION, DISTRIBUTION, ETC. | |
| Place of publication, distribution, etc. | New York: |
| Name of publisher, distributor, etc. | John Wiley; |
| Date of publication, distribution, etc. | 1977. |
| 300 ## - PHYSICAL DESCRIPTION | |
| Extent | 480p:, |
| Other physical details | 25 cm. |
| 500 ## - GENERAL NOTE | |
| General note | Hardcover. |
| 563 ## - BINDING INFORMATION | |
| Binding note | hardcover |
| 942 ## - ADDED ENTRY ELEMENTS (KOHA) | |
| Koha item type | Book |
| Source of classification or shelving scheme | |
| Withdrawn status | Lost status | Source of classification or shelving scheme | Damaged status | Not for loan | Permanent Location | Current Location | Shelving location | Date acquired | Full call number | Barcode | Date last seen | Copy number | Price effective from | Koha item type | Public note |
|---|---|---|---|---|---|---|---|---|---|---|---|---|---|---|---|
| School of Mechanical & Manufacturing Engineering (SMME) | School of Mechanical & Manufacturing Engineering (SMME) | General Stacks | 07/02/2015 | 530.43 ZUC | SMME-328 | 03/27/2018 | vol II | 07/02/2015 | Book | Rack,45-Shelf,1 |
